[Event "Carlos Torre Memorial op 13th"]
[Site "Merida"]
[Date "2000.12.19"]
[Round "6"]
[White "Garmendez Gonzalez, Florentino"]
[Black "Amura, Claudia Noemi"]
[Result "1/2-1/2"]
[WhiteElo "2385"]
[BlackElo "2351"]
[PlyCount "89"]
[EventDate "2000.12.15"]
[EventType "swiss"]
[EventRounds "9"]
[EventCountry "MEX"]
[SourceTitle "CBM 079 Extra"]
[Source "ChessBase"]
[SourceDate "2001.01.11"]
[SourceVersion "2"]
[SourceVersionDate "2001.01.25"]
[SourceQuality "1"]

1. e4 c5 2. f4 d5 3. exd5 Nf6 4. Nc3 Nxd5 5. Nxd5 Qxd5 6. Nf3 e6 7. Bb5+ Bd7 8. Bxd7+ Nxd7 9. d3 Be7 10. 0-0 0-0 11. Re1 Rfd8 12. a4 Rac8 13. b3 Bf6 14. Rb1 Bc3 15. Bd2 Bxd2 16. Qxd2 b6 17. Re4 Nb8 18. Re5 Qd6 19. Rf1 Nc6 20. Re4 Qc7 21. Rf2 Nd4 22. Ne5 a6 23. Re1 b5 24. axb5 axb5 25. Kh1 Ra8 26. Ref1 Ra2 27. Qd1 Rda8 28. h3 R8a3 29. Kh2 h6 30. c3 Rxf2 31. Rxf2 Nxb3 32. Rb2 c4 33. dxc4 bxc4 34. Qf1 Ra4 35. Qf3 f6 36. Ng4 Qd6 37. Re2 Nc5 38. Qg3 Kh7 39. Nf2 Ra1 40. h4 h5 41. Ne4 Qd3 42. Re3 Nxe4 43. Qf3 Qd5 44. Qxe4+ f5 45. Qxe6 1/2-1/2

[Event "Carlos Torre Memorial op 13th"]
[Site "Merida"]
[Date "2000.12.18"]
[Round "5"]
[White "Garmendez Gonzalez, Florentino"]
[Black "Gonzalez Garcia, Jose"]
[Result "1-0"]
[WhiteElo "2385"]
[BlackElo "2440"]
[PlyCount "115"]
[EventDate "2000.12.15"]
[EventType "swiss"]
[EventRounds "9"]
[EventCountry "MEX"]
[SourceTitle "CBM 079 Extra"]
[Source "ChessBase"]
[SourceDate "2001.01.11"]
[SourceVersion "2"]
[SourceVersionDate "2001.01.25"]
[SourceQuality "1"]

1. d4 d5 2. c4 dxc4 3. e3 Nf6 4. Bxc4 e6 5. Nf3 c5 6. 0-0 a6 7. Qe2 b5 8. Bb3 Bb7 9. Rd1 Nbd7 10. Nc3 Qb8 11. d5 c4 12. dxe6 fxe6 13. Bc2 Bd6 14. h3 0-0 15. a3 Qc7 16. e4 Bc5 17. Be3 Bxe3 18. Qxe3 Qc5 19. Nd4 Rae8 20. b4 Qe7 21. Nde2 Ne5 22. f4 Ng6 23. e5 Nd5 24. Nxd5 Bxd5 25. Bxg6 hxg6 26. Nc3 Ba8 27. Rd6 g5 28. fxg5 Rf5 29. Re1 Rxg5 30. Re2 Rf8 31. Rdd2 Rf3 32. Qd4 Rgg3 33. Qd8+ Qxd8 34. Rxd8+ Rf8 35. Rxf8+ Kxf8 36. Rc2 Re3 37. Kf2 Rxe5 38. g4 Rg5 39. Ke3 Ke7 40. Kf4 Kf6 41. h4 e5+ 42. Kg3 Rg6 43. a4 Ke7 44. axb5 Rb6 45. Re2 Ke6 46. Ra2 Bb7 47. bxa6 Rxa6 48. Rxa6+ Bxa6 49. Kf3 Bb7+ 50. Ke3 e4 51. Kd4 e3 52. Kxe3 Ke5 53. b5 Bc8 54. b6 Kd6 55. g5 Kc6 56. h5 Kxb6 57. Nd5+ Kc5 58. Ne7 1-0

[Event "Carlos Torre Memorial op 13th"]
[Site "Merida"]
[Date "2000.12.17"]
[Round "4"]
[White "Vera Gonzalez Quevedo, Reynaldo"]
[Black "Garmendez Gonzalez, Florentino"]
[Result "1-0"]
[WhiteElo "2584"]
[BlackElo "2385"]
[PlyCount "123"]
[EventDate "2000.12.15"]
[EventType "swiss"]
[EventRounds "9"]
[EventCountry "MEX"]
[SourceTitle "CBM 079 Extra"]
[Source "ChessBase"]
[SourceDate "2001.01.11"]
[SourceVersion "2"]
[SourceVersionDate "2001.01.25"]
[SourceQuality "1"]

1. d4 Nf6 2. c4 e6 3. Nc3 Bb4 4. Qc2 c5 5. dxc5 Bxc5 6. Bf4 Nc6 7. e3 Nh5 8. Bg3 Nxg3 9. hxg3 h6 10. Nf3 b6 11. g4 Bb7 12. a3 Qc7 13. Nb5 Qb8 14. Qc3 Bf8 15. 0-0-0 a6 16. Qd2 Bc8 17. Nbd4 Nxd4 18. exd4 Qc7 19. d5 b5 20. d6 Qb6 21. Ne5 bxc4 22. Qf4 c3 23. Qxf7+ Kd8 24. b4 a5 25. Qh5 Bxd6 26. Nf7+ Ke7 27. Nxd6 Qxf2 28. Qh4+ Qxh4 29. Rxh4 axb4 30. axb4 Rf8 31. Kc2 Ra3 32. Nxc8+ Rxc8 33. g5 Ra2+ 34. Kd3 hxg5 35. Rc4 Rca8 36. Rxc3 Rb2 37. Rc4 Ra3+ 38. Rc3 Ra4 39. Rc4 Raxb4 40. Rxb4 Rxb4 41. Ke3 d5 42. Ra1 Rb3+ 43. Kd4 Kf6 44. Ra2 Rb4+ 45. Kc5 Rf4 46. Bd3 g4 47. Kd6 e5 48. Ra6 Rd4 49. Bb1 e4 50. Kc5+ Ke5 51. Re6+ Kxe6 52. Kxd4 Kf7 53. Kxd5 e3 54. Bd3 g3 55. Ke4 Kg8 56. Kxe3 Kh8 57. Kf4 Kg8 58. Kxg3 Kh8 59. Kf4 Kg8 60. Kg5 Kh8 61. Kg6 Kg8 62. Be4 1-0

[Event "Guillermo Garcia Memorial-B 02nd"]
[Site "Santa Clara"]
[Date "1994.??.??"]
[Round "?"]
[White "De la Paz Perdomo, Frank"]
[Black "Garmendez Gonzalez, Florentino"]
[Result "1-0"]
[WhiteElo "2250"]
[BlackElo "2370"]
[PlyCount "57"]
[EventDate "1994.05.??"]
[EventType "tourn"]
[EventRounds "13"]
[EventCountry "CUB"]
[EventCategory "4"]
[SourceTitle "EXT 2006"]
[Source "ChessBase"]
[SourceDate "2005.11.24"]
[SourceVersion "1"]
[SourceVersionDate "2005.11.24"]
[SourceQuality "1"]

1. e4 c5 2. Nf3 Nc6 3. Bb5 Nd4 4. a4 g6 5. Nxd4 cxd4 6. 0-0 Bg7 7. f4 b6 8. d3 Bb7 9. Nd2 a6 10. Bc4 e6 11. f5 gxf5 12. exf5 e5 13. Qg4 Kf8 14. Ne4 Nf6 15. Nxf6 Bxf6 16. Bh6+ Ke7 17. Rf2 b5 18. Ba2 bxa4 19. Re1 Qa5 20. Bd2 Qb6 21. Bg5 Rhe8 22. Bxf6+ Qxf6 23. Qxd4 d6 24. Qb6 Reb8 25. d4 Bc8 26. Qc7+ Kf8 27. Bd5 exd4 28. Bxa8 Rxa8 29. Qc6 1-0

[Event "Capablanca Memorial-C"]
[Site "Matanzas"]
[Date "1994.??.??"]
[Round "7"]
[White "Fraschini, Mariano"]
[Black "Garmendez Gonzalez, Florentino"]
[Result "1/2-1/2"]
[WhiteElo "2385"]
[BlackElo "2370"]
[PlyCount "95"]
[EventDate "1994.??.??"]
[EventType "tourn"]
[EventRounds "13"]
[EventCountry "CUB"]
[EventCategory "6"]
[SourceTitle "EXT 2003"]
[Source "ChessBase"]
[SourceDate "2002.11.25"]
[SourceVersion "1"]
[SourceVersionDate "2002.11.25"]
[SourceQuality "1"]

1. d4 Nf6 2. c4 g6 3. g3 Bg7 4. Bg2 d6 5. Nc3 0-0 6. Nf3 Nbd7 7. 0-0 e5 8. h3 exd4 9. Nxd4 c6 10. e4 Re8 11. Re1 a5 12. Be3 Qe7 13. Qc2 Qf8 14. Rad1 h5 15. Nf3 Nh7 16. Na4 Nc5 17. Bf4 Be5 18. Nxe5 dxe5 19. Be3 Nxa4 20. Qxa4 Qb4 21. Qxb4 axb4 22. Ra1 Nf8 23. Red1 Ne6 24. a3 Ra4 25. Bf1 c5 26. Rd5 bxa3 27. Rxa3 Rb4 28. b3 Nd4 29. Rxc5 Nxb3 30. Rb5 Rxb5 31. cxb5 Nd4 32. Ra4 Rd8 33. Kg2 Kg7 34. Rc4 b6 35. Rc7 Be6 36. Rb7 Nc2 37. Bxb6 Rd1 38. Bc7 Kh6 39. Ba5 Nd4 40. b6 g5 41. Rc7 Bxh3+ 42. Kxh3 Rxf1 43. Kg2 Rb1 44. Bc3 Rxb6 45. Bxd4 exd4 46. Rd7 Rb4 47. Rxf7 Kg6 48. Rd7 1/2-1/2

[Event "Capablanca Memorial-C"]
[Site "Matanzas"]
[Date "1994.??.??"]
[Round "12"]
[White "Garmendez Gonzalez, Florentino"]
[Black "Galego, Luis"]
[Result "1/2-1/2"]
[WhiteElo "2370"]
[BlackElo "2400"]
[PlyCount "94"]
[EventDate "1994.??.??"]
[EventType "tourn"]
[EventRounds "13"]
[EventCountry "CUB"]
[EventCategory "6"]
[SourceTitle "EXT 2003"]
[Source "ChessBase"]
[SourceDate "2002.11.25"]
[SourceVersion "1"]
[SourceVersionDate "2002.11.25"]
[SourceQuality "1"]

1. e4 c5 2. Nf3 e6 3. d4 cxd4 4. Nxd4 Nf6 5. Bd3 d6 6. g4 Nc6 7. Nxc6 bxc6 8. g5 Nd7 9. Be3 d5 10. c4 Bb4+ 11. Bd2 Bxd2+ 12. Qxd2 Ne5 13. Be2 Ba6 14. exd5 cxd5 15. cxd5 Bxe2 16. Kxe2 exd5 17. f4 Nc4 18. Qb4 f6 19. gxf6 gxf6 20. Re1 Qd7 21. b3 Nd6 22. Kd1+ Kf7 23. Nc3 Nf5 24. Rc1 Rhe8 25. Kd2 Rac8 26. Qb5 Qd6 27. Kd3 Qxf4 28. Qxd5+ Kg6 29. Qg2+ Kh6 30. Qh3+ Kg7 31. Rxe8 Rxe8 32. Kc2 Kh8 33. Kb1 Re5 34. Rd1 Ne7 35. Qg2 h5 36. Qa8+ Kg7 37. Qg2+ Kf7 38. Rf1 Qd4 39. Qc2 f5 40. Ne2 Qh4 41. Ng3 Qg4 42. Qc7 Qd4 43. Rxf5+ Rxf5 44. Qxe7+ Kg6 45. Nxf5 Qd1+ 46. Kb2 Qd2+ 47. Ka3 Qa5+ 1/2-1/2

[Event "Capablanca Memorial-C"]
[Site "Matanzas"]
[Date "1994.??.??"]
[Round "6"]
[White "Garmendez Gonzalez, Florentino"]
[Black "Gonzalez Acosta, Bernal Manuel"]
[Result "1-0"]
[WhiteElo "2370"]
[BlackElo "2400"]
[PlyCount "161"]
[EventDate "1994.??.??"]
[EventType "tourn"]
[EventRounds "13"]
[EventCountry "CUB"]
[EventCategory "6"]
[SourceTitle "EXT 2003"]
[Source "ChessBase"]
[SourceDate "2002.11.25"]
[SourceVersion "1"]
[SourceVersionDate "2002.11.25"]
[SourceQuality "1"]

1. e4 c5 2. c3 Nf6 3. e5 Nd5 4. d4 cxd4 5. Nf3 Nc6 6. Bc4 Nb6 7. Bb3 d6 8. exd6 Qxd6 9. 0-0 Be6 10. Bxe6 Qxe6 11. Nxd4 Nxd4 12. Qxd4 Rd8 13. Qh4 h5 14. a4 Qc4 15. Qxc4 Nxc4 16. b3 Ne5 17. Be3 a6 18. Na3 e6 19. Bd4 Nc6 20. Bb6 Rd3 21. Rfc1 Be7 22. Kf1 Bf6 23. Nb1 h4 24. Ke2 Rd7 25. Nd2 Rh5 26. Nc4 Ne5 27. Ne3 Nd3 28. Rd1 Bxc3 29. Rab1 Nf4+ 30. Kf3 Nd5 31. Nxd5 Rhxd5 32. Rxd5 Rxd5 33. Rc1 Be5 34. b4 Kd7 35. Kg4 g5 36. h3 f6 37. Kh5 Rd2 38. Rc4 Rd3 39. Kg6 Rc3 40. Rxc3 Bxc3 41. b5 axb5 42. axb5 Kd6 43. Bd8 Bd4 44. g4 Bxf2 45. Bxf6 e5 46. Kf5 Be3 47. Bxg5 Bxg5 48. Kxg5 Kd5 49. Kxh4 Kd4 50. g5 e4 51. g6 e3 52. Kg3 Kd3 53. g7 e2 54. g8Q e1Q+ 55. Kh2 Qe7 56. Qg4 Qf6 57. h4 Qf2+ 58. Kh3 Qf7 59. Qg2 Qf5+ 60. Kh2 Kc4 61. Qe2+ Kc5 62. h5 Qf4+ 63. Kh3 Qf5+ 64. Kg3 Qg5+ 65. Qg4 Qe5+ 66. Kf2 Qf6+ 67. Qf3 Qh4+ 68. Kg2 Qg5+ 69. Kh3 Kb6 70. Qg4 Qxb5 71. h6 Qf1+ 72. Kh4 Qf2+ 73. Kg5 Qd2+ 74. Qf4 Qg2+ 75. Kf6 Qg8 76. Qe3+ Kc7 77. Qe7+ Kb8 78. h7 Qc8 79. Qe5+ Ka7 80. Qd4+ Kb8 81. Kg5 1-0